Who has more subscribers - Statistics

General Stats
  • This quiz has been taken 29 times
  • The average score is 3 of 5
Answer Stats
Question Answer % Correct
Who has more Mrbeast
100%
Who has more Pewdiepie
67%
Who has more Cocomelon
33%
Who has more Set India
33%
Who has more T sieries
33%
No matching quizzes found
Score Distribution
Percent of People with Each Score
Percentile by Number Answered
Your Score History
You have not taken this quiz